Movies Quiz

Random Movies or Director Quiz
Score 0/20 Timer 07:00
0 Plays Today
% Correct
Apocalypse Now
87.7%
Death Proof
87.6%
Apocalypto
85.9%
A Beautiful Mind
83.5%
THX-1138
81.7%
Bottle Rocket
74.4%
Pi
72.6%
Duel
69.8%
I Heart Huckabees
68.1%
Play Misty for Me
67.5%
% Correct
Following
64.7%
Intolerance
62.6%
Great Expectations
62.5%
Suspiria
62.4%
Cronos
59.1%
Bad Taste
54.9%
The Omen
52.3%
The Raid
46.5%
White Squall
43.7%
Cube
38.5%
Remove Ads.
Support Sporcle.
Get the best of Sporcle when you Go Orange. This ad-free experience offers more features, more stats, and more fun while also helping to support Sporcle. Thank you for becoming a member.

You're not logged in!

Compare scores with friends on all Sporcle quizzes.
OR
Log In

Show Comments

Extras

Top Quizzes Today


Score Distribution

Your Account Isn't Verified!

In order to create a playlist on Sporcle, you need to verify the email address you used during registration. Go to your Sporcle Settings to finish the process.

Report this User

Report this user for behavior that violates our Community Guidelines.

Details: